Comunismo Científico : Diccionario

Bibliographic Details
Main Author: Rumiántsev, A.
Format: Section = Libro
Language:Undetermined
Spanish
Published: URSS Progreso 1985
Subjects:
LEADER 00417nam a2200169Ia 4500
008 240830s9999 xx 000 0 und d
040 |a B-ESTELÍ- RUACS / Ref 335 R936 
041 |a spa 
082 |a Ref 335 R936 
100 1 |a Rumiántsev, A. 
245 1 0 |a Comunismo Científico : Diccionario 
260 |a URSS  |b Progreso  |c 1985 
300 |a 405 p. 
650 7 |a COMUNISMO 
942 |c BK  |2 ddc 
991 |a TEXTO 
999 |c 11717